000 007820000a22002170004500
005 20081031104025.0
008 081031t xxu||||| |||| 00| 0 eng d
010 _aENG-84351
020 _a8178801663
020 _c400.00 (hb)
035 _aEN-67884
082 _a823.08
100 _aSharma, Asha
245 _aJames Baldwin :
_bprotest and beyond: a study of Afro-American fiction /
_cby Asha Sharma
260 _aNew Delhi
_bRajat Publications
260 _c2005
300 _axiii,171p
_c22cm
500 _aIncludes bibliographical references and index
942 _2ddc
_cEN
_h823.08
_mSHA
999 _c17685
_d17685